01800nam a22002297a 450000500170000000800410001702000180005804000070007604100080008308200210009110000250011224500170013726000280015430000240018236500600020652010560026665000180132270000270134094200120136799900190137995201720139820211029093733.0211027b ||||| |||| 00| 0 eng d a9781509878246 cAl aEng 223a813.54bSTED aDanielle Steel99254 aDaddys girls aLondonbPan Booksc2021 a272p.bPBc20x13cm. aBLCR-000062b₹360.00c₹d₹450.00e20%f04-10-2021 aIn Daddy's Girls, Danielle Steel’s thought-provoking novel, three sisters discover the truth about their past and the importance of their unique bond. Many years have passed since ranch hand JT Tucker took his three small daughters to start a new life, eventually building the largest ranch in California. But success comes at a price, and with no mother in their life, Tucker’s relationship with each of his very different daughters was complicated. Caroline, the youngest, was overlooked by her father. She fled the ranch as early as she could to become a wife and mother, pursuing a career writing children’s books. Gemma, his declared favourite, yearned for Hollywood glamour and became a major TV star. Kate, the eldest, stayed to work on the ranch, forsaking relationships and family for a father who took her for granted. When JT dies suddenly, the paper trail he leaves behind reveals more than the sisters could ever have guessed. The truth brings a new reality, helping them to understand who they really are and what they really want. aFiction91971 aSTEEL (Danielle)91972 2ddccBK c216739d216739 00102ddc40708ENGaALbALd2021-10-12eNavaKarnataka Publications Pvt. Ltd.g360.00l1o813.54 STEDp075011r2023-03-13 00:00:00s2023-03-03v450.00w2021-10-27yBK